000 00538nam a2200181Ia 4500
005 20250508150943.0
008 008 250505s9999 xx 000 0 eng d
037 _aTextual
040 _aFEDL
_beng
_cFEDL
041 _aeng
_2eng
084 _a698, DAV
_qFEDL
100 _aDavey H T
_9758026
245 0 _aWood finishing: Staining and polishing, and cellulose wood finishes
260 _aLondon, UK
_bSir Isaac Pitman and Sons Ltd
_c1945
300 _aviii,224p
942 _cTEXL
_h698, DAV
999 _c1326692
_d1326692